000 00589nam a2200157 4500
001 126722
003 ES-MaACL
005 20230906192852.0
007 t|
008 070214s1930 sp r ||||1| spa d
245 0 0 _aResumen legislativo correspondientes a las disposiciones de carácter general promulgadas en el mes de julio de 1930 /
_crecopiladas y clasificadas bajo la dirección de Andrés Mancebo Fernández.
260 _aMadrid :
_b[s. n.],
_c1930 (
_fImp. Galo Saez)
300 _a351 p. ;
_c25 cm.
700 1 _aMancebo Fernández, Andrés.
_975917
852 _aES-MaACL
_jD-8753
999 _c126722
_d126722